[Event "EYCC Girls U14 2018"]
[Site "Riga"]
[Date "2018.08.28"]
[Round "8"]
[White "Katter, Katharina"]
[Black "Kirchei, Viktoriia"]
[Result "1/2-1/2"]
[WhiteElo "1830"]
[BlackElo "1987"]
[Annotator "NA RC"]
[PlyCount "69"]
[EventDate "2018.08.20"]
[EventType "swiss"]
[EventCountry "LAT"]
[SourceTitle "playchess.com"]
[Source "ChessBase"]
[SourceQuality "1"]
[TimeControl "40/5400+30:1800+30"]

1. e4 {[%emt 0:00:00]} c5 {[%emt 0:00:00]} 2. Nf3 {[%emt 0:00:00]} Nc6 {[%emt 0:00:00]} 3. Bb5 {[%emt 0:00:00]} g6 {[%emt 0:00:00]} 4. Bxc6 {[%emt 0:00:04]} bxc6 {[%emt 0:00:01]} 5. O-O {[%emt 0:00:22]} Bg7 {[%emt 0:00:05]} 6. Re1 {[%emt 0:00:20]} Nh6 {[%emt 0:00:11]} 7. e5 {[%emt 0:03:35] B31: Sicilian: 2...Nc6 3 Bb5 g6} (7. c3 O-O 8. h3 f5 9. e5 Nf7 10. d3 a5 11. Bf4 e6 12. Qd2 h6 13. h4 Re8 14. c4 d6 15. Nc3 Ra7 {1-0 (35) Anand,V (2776)-Dubov,D (2701) Moscow 2018}) 7... O-O {[%emt 0:00:39]} 8. c3 $146 {[%emt 0:02:16]} ({Predecessor:} 8. Nc3 d6 9. d3 Bg4 10. exd6 exd6 11. h3 Bxf3 12. Qxf3 Nf5 13. Qxc6 Qa5 14. Be3 Rab8 15. Nd5 Rfc8 16. Qd7 Rd8 17. Qc6 Rdc8 18. Qd7 Rd8 19. Qc6 Rdc8 {½-½ (19) Lin,C (2475)-Bai,J (2585) China 2017}) 8... d6 {[%emt 0:06:04]} 9. h3 {[%emt 0:06:04]} Qc7 {[%emt 0:07:35]} 10. Qe2 {[%emt 0:00:18]} Nf5 {[%emt 0:07:47]} 11. d3 {[%emt 0:02:41]} dxe5 {[%emt 0:06:53]} 12. Nxe5 {[%emt 0:03:23]} f6 {[%emt 0:00:20]} (12... Qxe5 $11 13. Qxe5 Bxe5 14. Rxe5 Rd8) 13. Nf3 {[%emt 0:02:13]} e5 {[%emt 0:00:27]} 14. Nbd2 {[%emt 0:07:23]} Nd6 {[%emt 0:13:56]} 15. Nb3 {[%emt 0:03:43]} Nb7 {[%emt 0:00:29]} 16. d4 {[%emt 0:10:56]} cxd4 {[%emt 0:01:28]} 17. cxd4 {[%emt 0:00:34]} exd4 {[%emt 0:03:50]} 18. Qc4+ {[%emt 0:01:35]} Kh8 {[%emt 0:00:42]} 19. Nbxd4 {[%emt 0:00:53]} Bd7 {[%emt 0:04:58]} 20. Ne6 {[%emt 0:08:22]} Bxe6 {[%emt 0:00:20]} 21. Rxe6 {[%emt 0:00:09]} Rac8 {[%emt 0:01:58]} 22. Bf4 {[%emt 0:00:56]} Qf7 {[%emt 0:01:15]} 23. Rae1 {[%emt 0:04:09]} Nd8 {[%emt 0:06:41]} 24. R6e4 {[%emt 0:00:32]} f5 {[%emt 0:00:17]} 25. Qxf7 {[%emt 0:01:41]} Nxf7 {[%emt 0:00:05]} 26. R4e2 {[%emt 0:01:12]} Bf6 {[%emt 0:02:39]} 27. Ne5 {[%emt 0:04:02]} Nxe5 {[%emt 0:02:53]} 28. Bxe5 {[%emt 0:00:07]} Bxe5 {[%emt 0:02:06]} 29. Rxe5 {[%emt 0:00:12]} Kg7 {[%emt 0:00:06]} 30. Rc1 {[%emt 0:03:16]} Rf6 {[%emt 0:06:19]} 31. Re7+ {[%emt 0:01:05]} Rf7 {[%emt 0:00:20]} 32. Re6 {[%emt 0:01:26]} Rf6 {[%emt 0:02:25]} 33. Re7+ {[%emt 0:00:40]} Rf7 {[%emt 0:00:08]} 34. Re6 $11 {[%emt 0:06:08]} Rf6 {[%emt 0:03:29]} 35. Re7+ {[%emt 0:00:43]} 1/2-1/2

[Event "EYCC Girls U14 2018"]
[Site "Riga"]
[Date "2018.08.28"]
[Round "8"]
[White "Hakobyan, Astghik"]
[Black "Kuhar, Larisa"]
[Result "1-0"]
[WhiteElo "1820"]
[BlackElo "1877"]
[Annotator "NA RC"]
[PlyCount "83"]
[EventDate "2018.08.20"]
[EventType "swiss"]
[EventCountry "LAT"]
[SourceTitle "playchess.com"]
[Source "ChessBase"]
[SourceQuality "1"]
[TimeControl "40/5400+30:1800+30"]

1. e4 {[%emt 0:00:00]} c5 {[%emt 0:00:00]} 2. Nf3 {[%emt 0:00:00]} d6 {[%emt 0:00:00]} 3. d4 {[%emt 0:00:00]} cxd4 {[%emt 0:00:00]} 4. Nxd4 {[%emt 0:00:00]} Nf6 {[%emt 0:00:02]} 5. Nc3 {[%emt 0:00:00]} a6 {[%emt 0:00:08]} 6. Qf3 {[%emt 0:00:02]} e6 {[%emt 0:04:38]} 7. Bg5 {[%emt 0:01:08]} Be7 {[%emt 0:00:20]} 8. O-O-O {[%emt 0:00:22]} Nbd7 {[%emt 0:01:56]} 9. Bxf6 {[%emt 0:05:01]} Bxf6 {[%emt 0:02:18]} 10. Qg3 {[%emt 0:01:06]} Qc7 {[%emt 0:10:29]} 11. f4 {[%emt 0:03:18] [#]} O-O $1 {[%emt 0:03:45]} 12. Qf3 {[%emt 0:04:19]} b5 {[%emt 0:04:16]} 13. g4 {[%emt 0:03:41]} g6 {[%emt 0:08:14]} 14. h4 $17 {[%emt 0:01:46]} Bb7 {[%emt 0:04:15]} 15. g5 {[%emt 0:09:36]} Bg7 {[%emt 0:00:23]} 16. h5 {[%emt 0:02:58]} b4 {[%emt 0:02:06]} 17. Nce2 {[%emt 0:06:08]} Rac8 {[%emt 0:01:40]} 18. hxg6 {[%emt 0:02:14]} hxg6 {[%emt 0:05:07]} 19. c3 {[%emt 0:19:31]} Nc5 {[%emt 0:04:35]} 20. Qh3 {[%emt 0:02:06]} Rfe8 {[%emt 0:01:43]} 21. f5 {[%emt 0:04:55]} exf5 {[%emt 0:11:36]} 22. Qh7+ {[%emt 0:01:35]} Kf8 {[%emt 0:00:09]} 23. exf5 {[%emt 0:01:09]} f6 {[%emt 0:20:22]} 24. gxf6 {[%emt 0:03:05]} Bxh1 {[%emt 0:02:33]} 25. Nf4 {[%emt 0:00:56]} Re3 {[%emt 0:06:31]} 26. Nxg6+ {[%emt 0:00:14]} Ke8 {[%emt 0:00:37]} 27. fxg7 Bd5 {[%emt 0:05:02]} 28. Nc2 {[%emt 0:05:44]} bxc3 {[%emt 0:00:39]} 29. g8=Q+ {[%emt 0:01:04]} Bxg8 {[%emt 0:00:02]} 30. Qxg8+ {[%emt 0:00:09]} Kd7 {[%emt 0:00:02]} 31. Qg7+ {[%emt 0:00:15]} Ke8 {[%emt 0:01:23]} 32. Qf8+ {[%emt 0:00:30]} Kd7 {[%emt 0:00:10]} 33. Qf7+ {[%emt 0:00:09]} Kd8 34. Qxc7+ {[%emt 0:00:05]} Rxc7 {[%emt 0:00:38]} 35. Rxd6+ {[%emt 0:00:18]} Kc8 {[%emt 0:01:06]} 36. Nxe3 {[%emt 0:00:04]} Ne4 {[%emt 0:00:43]} 37. Bxa6+ {[%emt 0:00:27]} Kb8 {[%emt 0:00:14]} 38. Rd8+ {[%emt 0:00:04]} Ka7 {[%emt 0:00:12]} 39. Bc4 {[%emt 0:00:04]} Nd2 {[%emt 0:00:55]} 40. Rxd2 {[%emt 0:00:00]} cxd2+ {[%emt 0:00:00]} 41. Kxd2 {[%emt 0:00:42]} Rc6 {[%emt 0:04:52]} 42. Ne5 {[%emt 0:00:26]} 1-0

[Event "EYCC Girls U14 2018"]
[Site "Riga"]
[Date "2018.08.29"]
[Round "9"]
[White "Loskutova, Viktoriya"]
[Black "Eizaguerri Floris, Maria"]
[Result "1-0"]
[WhiteElo "2088"]
[BlackElo "2065"]
[Annotator "NA"]
[PlyCount "95"]
[EventDate "2018.08.20"]
[EventType "swiss"]
[EventCountry "LAT"]
[SourceTitle "playchess.com"]
[Source "ChessBase"]
[SourceQuality "1"]
[TimeControl "40/5400+30:1800+30"]

1. e4 c5 {[%emt 0:00:00]} 2. Nf3 {[%emt 0:00:00]} e6 {[%emt 0:00:00]} 3. c4 {[%emt 0:00:00]} Nc6 {[%emt 0:00:02]} 4. Be2 {[%emt 0:00:00] B40: Sicilian: 2...e6, Unusual lines} e5 {[%emt 0:00:40] LiveBook: 24 Games} (4... Nf6 5. Nc3 d5 6. exd5 exd5 7. d4 Be6 8. cxd5 Nxd5 9. O-O Be7 10. dxc5 Nxc3 11. bxc3 Qxd1 12. Bxd1 Bxc5 13. Ng5 Bc4 14. Re1+ Be7 15. Ba3 O-O 16. Bxe7 {½-½ (27) Zvjaginsev,V (2661)-Rublevsky,S (2682) Sochi 2017}) 5. O-O {[%emt 0:00:32]} g6 6. d3 {[%emt 0:00:41]} Bg7 {[%emt 0:01:22]} 7. Nc3 {[%emt 0:00:07]} d6 {[%emt 0:00:15]} 8. h3 Nge7 {[%emt 0:00:56]} 9. a3 {[%emt 0:02:15]} O-O {[%emt 0:03:20]} 10. Bd2 {[%emt 0:07:04]} f5 {[%emt 0:07:08]} 11. Nd5 {[%emt 0:02:47]} h6 {[%emt 0:04:28]} 12. b4 {[%emt 0:21:28]} b6 $146 {[%emt 0:04:58]} 13. b5 {[%emt 0:21:58]} Nxd5 {[%emt 0:04:01]} 14. cxd5 {[%emt 0:01:05]} Ne7 {[%emt 0:00:33]} 15. a4 {[%emt 0:10:11]} Bd7 {[%emt 0:08:05]} 16. Bc3 {[%emt 0:10:41]} Qe8 {[%emt 0:13:51]} 17. Qb3 {[%emt 0:02:23]} Qf7 {[%emt 0:01:40]} 18. Nd2 {[%emt 0:06:20]} fxe4 {[%emt 0:05:59]} ({Black should try} 18... a6 $14) 19. dxe4 {[%emt 0:07:17]} Qf4 {[%emt 0:00:06]} 20. Qc2 {[%emt 0:01:02]} Qg5 {[%emt 0:06:53]} 21. Qd3 {[%emt 0:01:32]} Kh7 {[%emt 0:20:33]} 22. Nc4 {[%emt 0:02:10]} Nc8 {[%emt 0:01:59]} 23. Bd2 {[%emt 0:05:49]} Qf6 {[%emt 0:02:29]} 24. Qg3 {[%emt 0:08:31]} g5 {[%emt 0:04:09]} 25. Bg4 Bxg4 {[%emt 0:03:04]} 26. Qxg4 {[%emt 0:01:04]} Qg6 {[%emt 0:00:31]} 27. Ra3 {[%emt 0:06:00]} Ne7 28. a5 {[%emt 0:13:51]} Ng8 {[%emt 0:10:46]} 29. Qe2 Nf6 {[%emt 0:06:34]} 30. Re1 {[%emt 0:06:13]} Nd7 {[%emt 0:02:15]} 31. axb6 {[%emt 0:00:38]} axb6 {[%emt 0:00:58]} 32. Rea1 {[%emt 0:00:22]} Rab8 {[%emt 0:01:31]} 33. Ra7 {[%emt 0:00:17]} Rf7 {[%emt 0:00:59]} 34. Rc7 {[%emt 0:01:32]} Rbf8 {[%emt 0:01:38]} 35. f3 {[%emt 0:02:05]} Kh8 {[%emt 0:02:12]} 36. Raa7 {[%emt 0:01:01]} Nf6 {[%emt 0:00:21]} 37. Nxb6 {[%emt 0:01:57]} Rxc7 {[%emt 0:00:40]} 38. Rxc7 {[%emt 0:00:06]} Rb8 {[%emt 0:00:19]} 39. Rc8+ {[%emt 0:01:12]} Rxc8 {[%emt 0:00:05]} 40. Nxc8 {[%emt 0:00:00]} Qe8 {[%emt 0:00:00]} 41. Nxd6 {[%emt 0:00:10]} Qb8 {[%emt 0:01:31]} 42. Nf5 {[%emt 0:00:24]} Qa7 {[%emt 0:02:26]} 43. Qc4 {[%emt 0:06:42]} Nh5 $18 44. Be3 {[%emt 0:08:34]} Nf4 {[%emt 0:02:49]} 45. Qxc5 {[%emt 0:01:46]} Qa2 {[%emt 0:01:05]} 46. Bxf4 {[%emt 0:00:50]} exf4 {[%emt 0:00:06]} 47. Qc8+ {[%emt 0:00:26]} Kh7 {[%emt 0:00:05]} 48. Qb7 {[%emt 0:00:19]} 1-0

[Event "EYCC Girls U14 2018"]
[Site "Riga"]
[Date "2018.08.29"]
[Round "9"]
[White "Krasteva, Beloslava"]
[Black "Bondareva, Daria"]
[Result "1-0"]
[WhiteElo "2086"]
[BlackElo "1922"]
[Annotator "NA"]
[PlyCount "65"]
[EventDate "2018.08.20"]
[EventType "swiss"]
[EventCountry "LAT"]
[SourceTitle "playchess.com"]
[Source "ChessBase"]
[SourceQuality "1"]
[TimeControl "40/5400+30:1800+30"]

1. d4 {[%emt 0:00:00]} Nf6 {[%emt 0:00:12]} 2. c4 {[%emt 0:00:03]} e6 {[%emt 0:00:02]} 3. Nc3 {[%emt 0:00:36]} Bb4 {[%emt 0:00:14]} 4. e3 {[%emt 0:00:27]} b6 {[%emt 0:00:11]} 5. Nge2 {[%emt 0:00:35]} Ba6 {[%emt 0:00:17]} 6. Ng3 {[%emt 0:00:30]} O-O {[%emt 0:00:28]} 7. e4 {[%emt 0:01:46]} d5 {[%emt 0:05:50]} 8. cxd5 {[%emt 0:01:30] E45: Nimzo-Indian: Rubinstein: 4...b6 5 Ne2 Ba6} Bxf1 {[%emt 0:04:58]} 9. Kxf1 {[%emt 0:01:48] LiveBook: 10 Games} exd5 {[%emt 0:07:33]} (9... Bxc3 10. bxc3 exd5 11. e5 Ne4 12. f3 Nxg3+ 13. hxg3 f5 14. Qd3 Qd7 15. g4 Nc6 16. Ba3 Rf7 17. Re1 Re8 18. Rh5 g6 19. gxf5 Rxf5 20. Rxf5 Qxf5 21. Qxf5 gxf5 {1-0 (59) Guliev,S (2416)-Fendereski,N (2238) Baku 2016}) 10. e5 {[%emt 0:02:26]} Ne8 {[%emt 0:00:09]} 11. Qg4 {[%emt 0:04:05]} c6 $146 {[%emt 0:07:46]} ({Predecessor:} 11... Bxc3 12. bxc3 Qd7 13. Qxd7 Nxd7 14. Nf5 c5 15. Ne7+ Kh8 16. Nxd5 {0-1 (38) Taggatz,M (2193)-Schmid,R (2254) Bayern 2016}) 12. Nf5 {[%emt 0:08:47]} Kh8 {[%emt 0:03:39]} 13. a3 {[%emt 0:09:16]} (13. Ne2 $16) 13... Be7 {[%emt 0:04:05]} 14. h4 {[%emt 0:02:40]} Qd7 {[%emt 0:07:48]} (14... c5 $1 $14) 15. Bg5 {[%emt 0:06:14]} f6 {[%emt 0:08:17] [#]} (15... g6 $16) 16. e6 $1 {[%emt 0:02:22]} Qd8 {[%emt 0:08:50]} (16... Qb7 $142) 17. Bf4 {[%emt 0:01:04]} Rg8 {[%emt 0:00:56]} 18. Re1 {[%emt 0:01:47]} Na6 {[%emt 0:00:55]} 19. Rh3 {[%emt 0:03:41]} Nec7 {[%emt 0:03:56]} 20. Rg3 {[%emt 0:03:56]} Qf8 {[%emt 0:00:46]} 21. Bd6 {[%emt 0:11:39]} Re8 {[%emt 0:00:02]} 22. Bxe7 {[%emt 0:02:22]} Rxe7 {[%emt 0:00:02]} 23. Nxe7 {[%emt 0:01:51]} Qxe7 {[%emt 0:00:04]} 24. h5 {[%emt 0:00:59]} Ne8 {[%emt 0:02:44]} 25. Ne2 {[%emt 0:01:43]} f5 {[%emt 0:04:07]} 26. Qxf5 {[%emt 0:02:54]} Nd6 {[%emt 0:01:40]} 27. Qe5 {[%emt 0:05:09]} Ne4 {[%emt 0:01:12]} 28. Rh3 {[%emt 0:03:46]} Nd2+ {[%emt 0:02:10]} 29. Kg1 {[%emt 0:00:08]} Nc4 {[%emt 0:00:04]} 30. Qf5 {[%emt 0:01:45]} Rf8 {[%emt 0:02:38]} 31. Qg4 {[%emt 0:00:46]} Nc7 {[%emt 0:02:25]} 32. Nf4 {[%emt 0:00:47]} Kg8 $18 {[%emt 0:00:32]} 33. Ng6 {[%emt 0:01:53]} 1-0

[Event "EYCC Girls U14 2018"]
[Site "Riga"]
[Date "2018.08.29"]
[Round "9"]
[White "Allahverdiyeva, Ayan"]
[Black "Garifullina, Leya"]
[Result "1-0"]
[WhiteElo "2046"]
[BlackElo "2106"]
[Annotator "TA"]
[PlyCount "57"]
[EventDate "2018.08.20"]
[EventType "swiss"]
[EventCountry "LAT"]
[SourceTitle "playchess.com"]
[Source "ChessBase"]
[SourceQuality "1"]

{[%evp 17,57,25,45,41,52,51,60,48,33,21,23,37,40,21,55,42,75,59,63,82,197,197,272,225,210,190,710,711,1763,1616,1577,1506,2397,2340,2283,2206,2027,1988,29997,29998,29998,29999]} 1. e4 c5 2. Nf3 d6 3. d4 cxd4 4. Nxd4 Nf6 5. Nc3 e6 6. g4 h6 7. g5 hxg5 8. Bxg5 Be7 9. Qd2 {B81: Sicilian Scheveningen: Keres Attack} a6 {LiveBook: 5 Games} 10. Bg2 (10. O-O-O b5 11. a3 Bb7 12. Bg2 Nbd7 13. f4 Qb6 14. h4 Rc8 15. Rhe1 Rc4 16. Bf1 Rc5 {0-1 (83) Santos Ruiz,M (2431)-Fawzy,A (2483) Porto Carras 2015}) 10... Qc7 11. O-O-O {White is slightly better.} Bd7 12. h4 Nc6 13. Nxc6 (13. Kb1 {is more complex.} Na5 14. f4 O-O-O 15. b3 Nc6 16. Bf3) 13... Bxc6 14. Rh3 $146 ({Predecessor:} 14. f4 Rc8 15. f5 e5 16. Kb1 b5 {½-½ (34) Jaksa,C-Hribersek,J ICCF email 1997}) 14... b5 15. Re3 Kf8 16. Ne2 Rc8 17. Nd4 {Threatens to win with Rc3.} Bb7 18. f4 Ne8 (18... Kg8 $16) 19. Bh3 $18 Qb6 (19... Bxg5 {was called for.} 20. fxg5 e5) 20. Bxe7+ Kxe7 21. e5 dxe5 $2 ({But not} 21... Rxh4 $2 {[#]} 22. Nf5+ $1 {[%mdl 512]} exf5 23. exd6+ Kf8 24. d7 $18) (21... Kf8 22. exd6 Rd8) 22. Rxe5 Kf8 {[#]} 23. Nxe6+ $1 {[%mdl 512]} fxe6 24. Qb4+ Kf7 25. Rd7+ Kg6 26. Rxe6+ Qxe6 27. Bxe6 {Intending f5+ and mate.} Bc6 28. f5+ Kh7 {[#]} 29. Qg4 $1 {Precision: White = 84%, Black = 26%.} 1-0

[Event "EYCC Girls U14 2018"]
[Site "Riga"]
[Date "2018.08.29"]
[Round "9"]
[White "Ciolacu, Alessia Mihaela"]
[Black "Bardorz, Jana"]
[Result "1-0"]
[WhiteElo "2020"]
[BlackElo "1869"]
[Annotator "NA"]
[PlyCount "91"]
[EventDate "2018.08.20"]
[EventType "swiss"]
[EventCountry "LAT"]
[SourceTitle "playchess.com"]
[Source "ChessBase"]
[SourceQuality "1"]
[TimeControl "40/5400+30:1800+30"]

1. d4 {[%emt 0:00:00]} Nf6 {[%emt 0:00:00]} 2. Nf3 {[%emt 0:00:00]} g6 {[%emt 0:00:04]} 3. Bg5 {[%emt 0:01:02]} Bg7 {[%emt 0:01:05]} 4. Nbd2 {[%emt 0:00:48]} c5 {[%emt 0:02:24]} 5. e3 {[%emt 0:01:24]} cxd4 {[%emt 0:02:21]} 6. exd4 {[%emt 0:00:16]} d6 {[%emt 0:02:59] A48: 1 d4 Nf6 2 Nf3 g6: Torre, London and Colle Systems} (6... b6 7. c3 O-O 8. Bd3 Ba6 9. Bxa6 Nxa6 10. Qe2 Nc7 11. h4 b5 12. h5 b4 13. hxg6 hxg6 14. c4 {1-0 (22) Mamedyarov,S (2809)-Svidler,P (2760) Moscow 2018}) 7. Bd3 {[%emt 0:03:07]} O-O {[%emt 0:03:53]} 8. O-O {[%emt 0:03:58]} Nc6 {[%emt 0:04:48] LiveBook: 3 Games} 9. Re1 {[%emt 0:08:32]} Re8 {[%emt 0:04:05]} 10. c3 {[%emt 0:09:10]} Qc7 {[%emt 0:06:28]} 11. Nc4 {[%emt 0:02:55]} e5 $146 {[%emt 0:07:38]} ({Predecessor:} 11... b6 12. Bxf6 Bxf6 13. h4 Bg4 {0-1 (45) Orsolic,Z (1905)-Ognjan,R (2129) Bjelovar 2008}) 12. Bxf6 {[%emt 0:20:33]} Bxf6 {[%emt 0:00:46]} 13. Ne3 {[%emt 0:03:06]} Ne7 {[%emt 0:12:55]} 14. Bc4 {[%emt 0:13:55]} Bd7 {[%emt 0:07:21]} 15. Qb3 {[%emt 0:01:48]} Rf8 {[%emt 0:02:31]} 16. Rad1 {[%emt 0:01:43]} Rad8 {[%emt 0:05:11]} 17. dxe5 {[%emt 0:03:48]} dxe5 {[%emt 0:02:11]} 18. h4 {[%emt 0:06:48]} h6 {[%emt 0:04:07]} 19. Nd5 {[%emt 0:02:00]} Nxd5 {[%emt 0:02:20]} 20. Bxd5 {[%emt 0:00:13]} Bc6 {[%emt 0:03:32]} 21. Qc4 {[%emt 0:01:22]} Rde8 {[%emt 0:05:30]} 22. b4 $11 {[%emt 0:02:52]} Qb6 {[%emt 0:00:59]} 23. Bxc6 {[%emt 0:00:22]} Qxc6 {[%emt 0:01:03]} 24. Qxc6 {[%emt 0:00:54]} bxc6 {[%emt 0:00:06]} 25. Rd6 {[%emt 0:00:49]} e4 {[%emt 0:02:59]} 26. Nd4 {[%emt 0:07:02]} Bxh4 {[%emt 0:02:21]} 27. g3 {[%emt 0:00:38]} Bg5 {[%emt 0:01:59]} 28. Nxc6 {[%emt 0:00:32]} e3 {[%emt 0:02:58]} 29. f4 {[%emt 0:01:35]} Be7 {[%emt 0:01:35]} 30. Rd3 {[%emt 0:00:26]} Bf6 {[%emt 0:01:58]} 31. Rexe3 {[%emt 0:00:38]} Rxe3 {[%emt 0:01:55]} 32. Rxe3 {[%emt 0:00:05]} a6 {[%emt 0:01:19]} 33. a4 {[%emt 0:00:44]} Rc8 {[%emt 0:01:44]} 34. b5 {[%emt 0:00:19]} axb5 {[%emt 0:00:49]} 35. axb5 {[%emt 0:00:05]} g5 {[%emt 0:01:23]} 36. c4 {[%emt 0:01:13]} gxf4 {[%emt 0:00:45]} 37. gxf4 {[%emt 0:00:07]} Kg7 {[%emt 0:00:21]} 38. Rg3+ {[%emt 0:00:57]} Kf8 {[%emt 0:00:29]} 39. c5 {[%emt 0:00:44]} Ke8 {[%emt 0:01:28]} 40. Rd3 {[%emt 0:00:00]} h5 {[%emt 0:00:00]} 41. b6 {[%emt 0:06:42]} Be7 {[%emt 0:07:03]} 42. Nxe7 {[%emt 0:02:01]} Kxe7 {[%emt 0:00:47]} 43. b7 {[%emt 0:00:34]} Rb8 {[%emt 0:01:06]} 44. c6 {[%emt 0:00:11]} h4 {[%emt 0:00:11]} 45. c7 {[%emt 0:00:19]} Rxb7 {[%emt 0:00:04]} 46. c8=Q {[%emt 0:00:06]} 1-0

[Event "EYCC Girls U14 2018"]
[Site "Riga"]
[Date "2018.08.29"]
[Round "9"]
[White "Wikar, Martyna"]
[Black "Hakobyan, Astghik"]
[Result "0-1"]
[WhiteElo "1974"]
[BlackElo "1820"]
[Annotator "NA"]
[PlyCount "104"]
[EventDate "2018.08.20"]
[EventType "swiss"]
[EventCountry "LAT"]
[SourceTitle "playchess.com"]
[Source "ChessBase"]
[SourceQuality "1"]
[TimeControl "40/5400+30:1800+30"]

1. e4 {[%emt 0:00:00]} e6 {[%emt 0:00:00]} 2. d3 {[%emt 0:00:00]} d5 {[%emt 0:00:00]} 3. Nd2 {[%emt 0:00:06]} c5 {[%emt 0:00:00]} 4. Ngf3 {[%emt 0:00:30]} Nc6 {[%emt 0:00:07]} 5. g3 {[%emt 0:00:48]} g6 {[%emt 0:00:21]} 6. Bg2 {[%emt 0:01:55]} Bg7 {[%emt 0:00:05]} 7. O-O {[%emt 0:02:31]} Nf6 {[%emt 0:00:15]} 8. Re1 {[%emt 0:08:28]} O-O {[%emt 0:00:21]} 9. c3 {[%emt 0:02:04] LiveBook: 212 Games} e5 {[%emt 0:09:08] A08: King's Indian Attack} (9... b6 10. e5 Nd7 11. d4 a5 12. Nf1 a4 13. a3 Ba6 14. h4 Qc7 15. Bf4 Na5 16. Ne3 Nb3 17. Rb1 cxd4 18. cxd4 Rac8 {1-0 (54) Amin,B (2689)-Movsesian,S (2647) Riadh 2017}) 10. Qc2 {[%emt 0:06:49]} b6 {[%emt 0:07:58]} 11. a4 $146 {[%emt 0:11:47]} ({Predecessor:} 11. Nf1 Bb7 12. Bg5 d4 13. Qd2 Qd6 14. Rad1 Nd7 15. g4 {0-1 (41) Pahl,R-Janz,F Neumuenster 1995}) 11... Ba6 {[%emt 0:03:35]} ({Besser ist} 11... h6 $15) 12. Bf1 {[%emt 0:02:22]} (12. exd5 $11 Nxd5 13. Nc4) 12... Rc8 {[%emt 0:02:41]} 13. Nb3 {[%emt 0:12:14]} (13. a5 $5) 13... Nh5 {[%emt 0:09:49]} (13... Qd6 $15) 14. Bh3 {[%emt 0:10:54]} dxe4 {[%emt 0:03:21]} 15. dxe4 {[%emt 0:07:20]} Bd3 {[%emt 0:00:34]} 16. Qd1 {[%emt 0:01:00]} Rc7 {[%emt 0:01:53]} 17. Bg5 {[%emt 0:03:55]} f6 {[%emt 0:02:07]} 18. Be6+ {[%emt 0:03:48]} Kh8 {[%emt 0:00:32]} 19. Bd2 {[%emt 0:05:18]} c4 {[%emt 0:05:23]} 20. Nc1 {[%emt 0:00:16]} f5 {[%emt 0:05:36]} 21. Bg5 {[%emt 0:01:15]} Qe8 {[%emt 0:00:27]} 22. exf5 {[%emt 0:06:16]} gxf5 {[%emt 0:00:40]} 23. Nxd3 {[%emt 0:03:37]} cxd3 {[%emt 0:01:48]} 24. Bd5 {[%emt 0:02:15]} e4 {[%emt 0:01:04]} 25. g4 {[%emt 0:01:50]} Ne5 {[%emt 0:03:38]} 26. Nd4 $2 {[%emt 0:02:12]} (26. Nxe5 {was necessary.} Qxe5 27. Bb3) 26... Nxg4 {[%emt 0:02:21]} 27. Bxe4 {[%emt 0:01:41]} Nxf2 {[%emt 0:01:42]} 28. Bf3 {[%emt 0:00:51]} Nxd1 {[%emt 0:01:57]} 29. Rxe8 {[%emt 0:00:06]} Rxe8 {[%emt 0:00:18]} 30. Rxd1 {[%emt 0:00:37]} Bxd4+ {[%emt 0:00:31]} 31. cxd4 {[%emt 0:00:06]} Rg8 {[%emt 0:01:06]} 32. h4 {[%emt 0:00:31]} h6 {[%emt 0:00:17]} 33. Bxh5 $19 {[%emt 0:01:00]} hxg5 {[%emt 0:00:04]} 34. Bf3 {[%emt 0:01:33]} gxh4+ {[%emt 0:01:23]} 35. Kh1 {[%emt 0:00:39]} Rg3 {[%emt 0:00:16]} 36. Rxd3 {[%emt 0:00:50]} Rc1+ {[%emt 0:00:22]} 37. Rd1 {[%emt 0:00:11]} Rxd1+ {[%emt 0:00:07]} 38. Bxd1 {[%emt 0:00:06]} Rd3 {[%emt 0:00:33]} 39. Bc2 {[%emt 0:00:28]} Rxd4 40. Bxf5 {[%emt 0:00:00]} Rxa4 {[%emt 0:00:00]} 41. b3 {[%emt 0:01:13]} Rf4 {[%emt 0:00:41]} 42. Be6 {[%emt 0:00:46]} Kg7 {[%emt 0:00:11]} 43. Kh2 {[%emt 0:00:59]} Kf6 {[%emt 0:00:05]} 44. Bg8 {[%emt 0:00:39]} Ke5 {[%emt 0:00:19]} 45. Kh3 {[%emt 0:00:14]} Kd4 {[%emt 0:00:04]} 46. Be6 {[%emt 0:00:20]} Kc3 {[%emt 0:00:05]} 47. Bg8 {[%emt 0:00:09]} Rb4 {[%emt 0:00:05]} 48. Be6 {[%emt 0:00:33]} Rxb3 {[%emt 0:00:06]} 49. Kxh4 {[%emt 0:00:05]} a5 {[%emt 0:00:03]} 50. Kg3 {[%emt 0:00:23]} a4 {[%emt 0:00:04]} 51. Kf2 {[%emt 0:00:10]} a3 {[%emt 0:00:03]} 52. Ke2 {[%emt 0:00:18]} a2 {[%emt 0:00:04]} 0-1